00766nam a2200169 i 4500001000700000003000900007005001700016008004100033245024300074260007000317300003900387650002500426700002800451700004200479710005100521852002400572190200ES-MaACL20250821092338.0200914s1958 sp |||| | spa d00aDiscursos leídos ante la Real Academia de Bellas Artes de San Fernando, en la recepción pública de... Ramón Stolz Viciano ;[contestación de... Enrique Lafuente Ferrari] : btema: sobre el oficio de pintor y la pintura al fresco. aMadrid : bReal Academia de Bellas Artes de San Fernando, c1958. a95 p., 2 lám. : bil. ; c24 cm. 7aPintura mural2embne1 aStolz Viciano, Ramón.1 aLafuente Ferrari, Enrique,d1898-19852 aReal Academia de Bellas Artes de San Fernando. aES-MaACLjF-M-III-N